| 000 | 01132cam a2200277 4500 | ||
|---|---|---|---|
| 001 | 3125 | ||
| 003 | BD-RjUL | ||
| 005 | 20211208233659.0 | ||
| 008 | 131218s1952 iaua b s001 0 eng | ||
| 035 |
_aOCLC ocm00231881 from D970115M _a(BD-RjUL)3159 |
||
| 040 |
_aDLC _cWSU _dSER _dEQO _dBD-RjUL _beng |
||
| 041 | _aeng | ||
| 082 |
_a338.1 _bTAS |
||
| 100 | 1 |
_aTaylor, Henry C. _q(Henry Charles), _d1873-1969. _99906 |
|
| 245 | 1 | 4 |
_aThe story of agricultural economics in the United States, 1840-1932 : _bmen, services, ideas / _c[by] Henry C. and Anne Dewees Taylor. Farm finance section by Norman J. Wall; foreword by Everett E. Edwards; indexed by Adelaide R. Hasse. |
| 260 |
_aAmes : _bIowa State College Press, _cc1952. |
||
| 300 |
_axxvi, 1121 p.: _billus.; _c24 cm. |
||
| 504 | _aBibliographical footnotes and index | ||
| 650 | 0 |
_aAgriculture _xEconomic aspects _zUnited States. _97960 |
|
| 650 | 0 |
_aAgriculture and state _zUnited States. _98009 |
|
| 700 | 1 |
_aTaylor, Anne Dewees. _99907 |
|
| 740 | 0 | 1 | _aAgricultural economics in the United States, 1840-1932. |
| 942 |
_2ddc _cBK |
||
| 999 |
_c3125 _d3125 |
||